The literature of the Old Testament in its historical development (Record no. 7281)

MARC details
000 -LEADER
fixed length control field 01472cam a2200349Ia 4500
001 - CONTROL NUMBER
control field 310401
003 - CONTROL NUMBER IDENTIFIER
control field GBCCL
005 - DATE AND TIME OF LATEST TRANSACTION
control field 20241126110624.0
006 - FIXED-LENGTH DATA ELEMENTS--ADDITIONAL MATERIAL CHARACTERISTICS
fixed length control field m||||fo||d| ||||||
007 - PHYSICAL DESCRIPTION FIXED FIELD--GENERAL INFORMATION
fixed length control field cr|g||008|pbda
008 - FIXED-LENGTH DATA ELEMENTS--GENERAL INFORMATION
fixed length control field 010822s1922 nyu s 001|0 eng d
020 ## - INTERNATIONAL STANDARD BOOK NUMBER
Canceled/invalid ISBN 0524103593
035 ## - SYSTEM CONTROL NUMBER
System control number (OCoLC)690754889
035 ## - SYSTEM CONTROL NUMBER
System control number (ATLA)ATLAP000033434
040 ## - CATALOGING SOURCE
Transcribing agency GBC
049 ## -
-- LBBR
082 ## - DEWEY DECIMAL CLASSIFICATION NUMBER
Classification number 221.6
Item number BEW
090 ## - LOCALLY ASSIGNED LC-TYPE CALL NUMBER (OCLC); LOCAL CALL NUMBER (RLIN)
Classification number (OCLC) (R) ; Classification number, CALL (RLIN) (NR) BS1140
100 1# - MAIN ENTRY--PERSONAL NAME
Personal name Bewer, Julius A.
Fuller form of name (Julius August),
Dates associated with a name 1877-1953.
9 (RLIN) 12901
245 14 - TITLE STATEMENT
Title The literature of the Old Testament in its historical development
Medium [electronic resource] /
Statement of responsibility, etc. by Julius A. Bewer.
260 ## - PUBLICATION, DISTRIBUTION, ETC.
Place of publication, distribution, etc. New York :
Name of publisher, distributor, etc. Columbia University Press,
Date of publication, distribution, etc. 1922.
300 ## - PHYSICAL DESCRIPTION
Extent 1 online resource (xiv, 452 p.) ;
Dimensions 24 cm.
440 #0 - SERIES STATEMENT/ADDED ENTRY--TITLE
Title Records of civilization, sources and studies
9 (RLIN) 12902
500 ## - GENERAL NOTE
General note Includes index.
504 ## - BIBLIOGRAPHY, ETC. NOTE
Bibliography, etc. note Bibliography: p. 437-444.
533 ## -
-- Electronic reproduction.
-- Ipswich, MA :
-- EBSCO,
-- 2009.
-- Electronic reproduction from microform master produced by the American Theological Library Association.
590 ## - LOCAL NOTE (RLIN)
Local note Digital version created by EBSCO from ATLA microform.
630 00 - SUBJECT ADDED ENTRY--UNIFORM TITLE
Uniform title Bible.
Name of part/section of a work O.T.
General subdivision Criticism, Textual.
9 (RLIN) 12053
630 00 - SUBJECT ADDED ENTRY--UNIFORM TITLE
Uniform title Bible.
Name of part/section of a work O.T.
Form subdivision Introductions.
9 (RLIN) 2497
856 40 - ELECTRONIC LOCATION AND ACCESS
Materials specified Full text available
Public note LBC Link to Full Text; Click for Access
Uniform Resource Identifier <a href="http://lbc.idm.oclc.org:80/login?url=http://search.ebscohost.com/login.aspx?direct=true&db=h8h&bquery=(HJ+5VDM)&type=1&site=ehost-live">http://lbc.idm.oclc.org:80/login?url=http://search.ebscohost.com/login.aspx?direct=true&db=h8h&bquery=(HJ+5VDM)&type=1&site=ehost-live</a>
942 ## - ADDED ENTRY ELEMENTS (KOHA)
Source of classification or shelving scheme Dewey Decimal Classification
Koha item type Books
Koha issues (borrowed), all copies 4
Holdings
Withdrawn status Lost status Source of classification or shelving scheme Damaged status Not for loan Home library Current Library Shelving location Date acquired Total checkouts Total renewals Full call number Barcode Date last seen Date last checked out Copy number Price effective from Koha item type
    Dewey Decimal Classification     GRACE BIBLE COLLEGE GRACE BIBLE COLLEGE Biblical Studies 2018-07-24 4 1 221.6 BEW 005155 2025-05-01 2023-09-04 c.1 2018-07-24 Books
© Grace Bible College Library 2025